Real estate finance and investments

Saved in:
Bibliographic Details
Main Author: BRUEGGEMAN, William B.
Format: Book
Language:English
Published: McGraw-Hill Education, 2016.
Tags: Add Tag
No Tags, Be the first to tag this record!

MARC

LEADER 00000nam a22000007a 4500
008 210126b ||||| |||| 00| 0 eng d
020 |a 978-981-4577-05-2 
100 |a BRUEGGEMAN, William B. 
245 |a Real estate finance and investments  |c William B. Brueggeman [and] Jeffrey D. Fisher  |g xviii, 805p.; ill. 
250 |b 15th ed.  
260 |b McGraw-Hill Education,   |c  2016.  |h New York:   |i 690935   |i 690936  |l HG2040.5 .B83  |m Mortgage loans – United States.  |m Real properly – United States – Finance. 
500 |a “It includes index”. 
942 |a lcc  |c BK  |e Adeniran, F. A  |f 26/01/2021 
952 |0 0  |1 0  |2 lcc  |4 0  |6 HG20405 B83  |7 0  |9 1895  |a HOL  |b HOL  |c GJ  |d 2021-01-26  |l 0  |o HG2040.5 .B83  |p 2021-5762  |r 2021-01-26 00:00:00  |w 2021-01-26  |y BK 
952 |0 0  |1 0  |2 lcc  |4 0  |6 HG20405 B83  |7 0  |9 1896  |a HOL  |b EDM  |c GJ  |d 2021-01-26  |l 0  |o HG2040.5 .B83  |p 2021-5763  |r 2021-01-26 00:00:00  |w 2021-01-26  |y BK 
999 |c 997  |d 997